Trnava - Paulínska ulica
Salvato in:
| Autore principale: | |
|---|---|
| Altri autori: | |
| Natura: | Manoscritto Libro |
| Lingua: | slovacco |
| Pubblicazione: |
Bratislava
2016
|
| Soggetti: | |
| Accesso online: | http://is.stuba.sk/zp/portal_zp.pl?podrobnosti=103109 |
| Tags: |
Nessun Tag, puoi essere il primo ad aggiungerne!!
|
MARC
| LEADER | 00000ntm a22000003a 4500 | ||
|---|---|---|---|
| 001 | stuzp57363 | ||
| 003 | SK-STU | ||
| 005 | 20210222073351.8 | ||
| 007 | ta | ||
| 008 | 150427s2015----xo-----f-mn---000-0-slo-d | ||
| 040 | |a STU |b slo | ||
| 041 | 0 | |a slo | |
| 100 | 1 | |a Baxa, Patrik |u 056160 |4 aut |U FAD Fakulta architektúry |T FA Ústav urbanizmu a územného plánovania |X 70442 |U A6160 |Y 397 |7 70442 | |
| 242 | 0 | 1 | |a Trnava - Paulínska street |y eng |
| 245 | 1 | 0 | |a Trnava - Paulínska ulica |
| 260 | |c 2016 |a Bratislava | ||
| 650 | 4 | |a voda |2 slo | |
| 650 | 4 | |a trhy |2 slo | |
| 650 | 4 | |a pešia zóna |2 slo | |
| 650 | 4 | |a Paulínska ulica |2 slo | |
| 650 | 4 | |a zeleň |2 slo | |
| 650 | 4 | |a oddych |2 slo | |
| 650 | 4 | |a Paulínska street |2 eng | |
| 650 | 4 | |a pedestrian zone |2 eng | |
| 650 | 4 | |a greenery |2 eng | |
| 650 | 4 | |a water |2 eng | |
| 650 | 4 | |a rest |2 eng | |
| 650 | 4 | |a markets |2 eng | |
| 700 | 1 | |a Bašová, Silvia |4 ths |X 376 |7 A000000376 | |
| 856 | 4 | |u http://is.stuba.sk/zp/portal_zp.pl?podrobnosti=103109 |u https://opac.crzp.sk/?fn=detailBiblioForm&sid=28C7416B5E23CF19957777CEF8E1 | |
| SQL | |a stuzp57363 |b DBP |c SLO |d Trnava - Paulínska ulica |e 70442 |f Baxa, Patrik |g 056160 |h 376 |i Bašová, Silvia |j 20160610 |k 149 |l 05 |m http://is.stuba.sk/zp/portal_zp.pl?podrobnosti=103109 |n B-AU |o 5.1.1. architektúra a urbanizmus | ||